00575 2200205 4500001002100000005001500021035002000036007000300056008004100059020002200100082001200122084001800134100003800152245005400190260003900244300004300283650001400326650000900340990002000349INLIS00000000000305320260602054200 a0010-0626000004ta260602 f 0 ind  a978-623-01-3652-8 a001.422 a001.422 WIB p1 aWibowo, Fransiscus Xaverius Pudjo1 aPengolahan Dan Analisa Data Statistik Dengan SPSS aYogyakarta :bPenerbit Andi,c2023 axiv + 314 hlm. :bilus. ;c16 x 23 cm. 4aStatistik 4aSPSS a20260604.05.002